000 00608nam a2200229Ia 4500
003 OSt
005 20221007080059.0
006 a|||||r|||| 00| 0
007 ta
008 221006b |||||||| |||| 00| 0 eng d
024 _a29,929
037 _cTextual
040 _aFLL
_cFLL
_beng
041 _2eng
_aeng
082 _aX:8.2.N7, L8
100 _aSethi Narendra K.
245 0 _aManagement dynamics
260 _aNew Delhi
_bSterling Publishers Pvt. Ltd. India
_c1978
300 _axv,272p
_ccm.
942 _hX:8.2.N7, L8
_cTEXL
_2CC
999 _c1158305
_d1158305